000
00302 a2200109 4500
000
nam a22 7a 4500
005
20260206161359.0
100
_a
Silberschatz, Abraham; Korth, Henry F.; Sudarshan, S.
_9
1114288
245
_a
Database System Concepts
260
_b
McGraw Hill
_c
2025
942
_c
TEXL
999
_c
1678837
_d
1678837